Catálogo
 En Linea
Vista normal Vista MARC

Entrada Nombre geográfico

Número de registros utilizados en: 2

001 - NÚMERO DE CONTROL

  • campo de control: 77783

003 - IDENTIFICADOR DEL NÚMERO DE CONTROL

  • campo de control: OSt

005 - FECHA Y HORA DE LA ÚLTIMA TRANSACCIÓN

  • campo de control: 20210216102434.0

008 - DATOS DE LONGITUD FIJA

  • campo de control de longitud fija: 210216|| aca||aabn | a|a d

040 ## - FUENTE DE LA CATALOGACIÓN

  • Centro catalogador/agencia de origen: OSt
  • Centro/agencia transcriptor: OSt

151 ## - ENCABEZAMIENTO--NOMBRE GEOGRÁFICO

  • Nombre geográfico: República Dominicana
  • Subdivisión general: Historia
  • Subdivisión cronológica: Novela

670 ## - FUENTE DE DATOS ENCONTRADOS

  • Cita de la fuente: Work cat.: (OSt): 2621 Henríquez Ureña, Max, 1885-1968, La independencia efímera /, 2020

Con tecnología Koha